000 00744nam a22002057a 4500
999 _c13174
_d13174
003 AR-CdUCM
008 190411b ||||| |||| 00| 0 spa d
040 _aMUNICIPALIDAD PROVINCIAL DEL CUSCO
_cBIBLIOTECA MUNICIPAL DEL CUSCO
082 _a347.6 /
_bF516 / 1944
100 _aFinzi, Marcelo
_931406
245 _aQuiebra culpable y relación de causalidad /
260 _aBuenos Aires :
_bDepalma,
_c1944.
300 _a37 páginas ;
_c24 cm.
505 _aContenido: El problema planteado -- Un problema previo (Ley penal que rige la quiebra culpable) -- Se vuelve al problema planteado.
650 _aDerecho penal
_95831
650 _aLegislación
_92962
650 _aArgentina
_9511
942 _2ddc
_cLIBROS
945 _acmm
_d2019-04-11